[Event "SURF NA VEIA"]
[Site "http://www.queenalice.com/game.php?id=23347"]
[Date "2005.8.9"]
[Round "-"]
[White "EduardoMiller"]
[Black "ronisj"]
[Result "0-1"]
[WhiteElo "1057"]
[BlackElo "1392"]

1. e4 e5 2. b4 Bxb4 3. c3 Bc5 4. Nh3 Qf6 5. d4 exd4 6. cxd4 Bxd4 7. Ba3 Bxa1 8.
Qc2 Nc6 9. Bc4 d6 10. Ng1 Nd4 11. Qa4+ c6 12. h4 h5 13. Rh3 Bxh3 14. gxh3 Qxh4
15. Qb4 c5 16. Qa5 Qxe4+ 17. Kf1 Qxb1+ 18. Kg2 Qg6+ 19. Kh2 Ne7 20. h4 Qg4 21.
f3 Nxf3+ 22. Nxf3 Qxc4 23. Bc1 Qxc1 24. Ng5 Qf4+ 25. Kh3 Qg4+ 26. Kh2 Be5+ 0-1

[Event "AUTO-INT-35"]
[Site "http://www.queenalice.com/game.php?id=25051"]
[Date "2005.8.21"]
[Round "1"]
[White "EduardoMiller"]
[Black "dlabedz"]
[Result "0-1"]
[WhiteElo "1054"]
[BlackElo "1176"]

1. e4 e5 2. a4 Nf6 3. b3 d5 4. exd5 Qxd5 5. Bb5+ c6 6. Bc4 Qxg2 7. Qf3 Qg6 8.
Nc3 Bg4 9. Qe3 Nbd7 10. h3 Bh5 11. a5 a6 12. h4 Bd6 13. Ba3 c5 14. Nh3 b5 15.
Bd5 Rb8 16. d4 O-O 17. dxe5 Bxe5 18. Rc1 Rbe8 19. Bc6 Rd8 20. Bxd7 Rxd7 21. Qxc5
Bd6 22. Qe3 Re8 23. Rg1 Rxe3+ 24. fxe3 Bg3+ 25. Kf1 Rd2 26. Nf4 Rf2+ 0-1

[Event "AUTO-INT-35"]
[Site "http://www.queenalice.com/game.php?id=25052"]
[Date "2005.8.21"]
[Round "1"]
[White "dlabedz"]
[Black "EduardoMiller"]
[Result "1-0"]
[WhiteElo "1187"]
[BlackElo "1043"]

1. Nc3 e5 2. e4 d6 3. d4 exd4 4. g4 g5 5. Nd5 c6 6. Nf3 cxd5 7. Qxd4 f6 8. Bd2
b6 9. O-O-O dxe4 10. Qxe4+ Be7 11. Bb4 Na6 12. Ba3 Rb8 13. Bxd6 Rb7 14. Bxa6 Kf8
15. Rhe1 Bxd6 16. Rd4 Rd7 17. Bc4 Re7 18. Qa8 Rxe1+ 19. Nxe1 Ne7 20. Nd3 f5 21.
f3 fxg4 22. fxg4 b5 23. Nf2 bxc4 24. Ne4 Qb6 25. c3 Kg7 26. Nxd6 Bxg4 27. Qe4
1-0

[Event "AUTO-INT-35"]
[Site "http://www.queenalice.com/game.php?id=25053"]
[Date "2005.8.21"]
[Round "1"]
[White "EduardoMiller"]
[Black "Marcvs"]
[Result "0-1"]
[WhiteElo "1071"]
[BlackElo "1351"]

1. e4 Nf6 2. d3 e5 3. h4 d5 4. exd5 Qxd5 5. c4 Qc6 6. Rh3 Bb4+ 7. Bd2 Bxd2+ 8.
Nxd2 Bxh3 9. gxh3 Na6 10. a4 O-O 11. h5 Rad8 12. a5 Nb4 13. Ne4 Nxe4 14. Nf3
Nxd3+ 15. Bxd3 Nc5 16. Nxe5 Nxd3+ 17. Nxd3 Rfe8+ 18. Kf1 Qh1# 0-1

[Event "AUTO-INT-35"]
[Site "http://www.queenalice.com/game.php?id=25054"]
[Date "2005.8.21"]
[Round "1"]
[White "Marcvs"]
[Black "EduardoMiller"]
[Result "1-0"]
[WhiteElo "1357"]
[BlackElo "1071"]

1. e4 e5 2. Nf3 d6 3. d4 exd4 4. Qxd4 Nc6 5. Qd1 g5 6. Bb5 g4 7. Nd4 a6 8. Bxc6+
bxc6 9. Nxc6 Qd7 10. Na5 Qb5 11. Nb3 Nf6 12. Nc3 Rg8 13. Bd2 Qg5 14. Bxg5 Rxg5
15. Nd5 Nxe4 16. Nxc7+ Kd8 17. Nxa8 Re5 18. O-O Bh6 19. Qd4 Ng5 20. Qxd6+ Ke8
21. Nc7# 1-0

[Event "Challenge"]
[Site "http://www.queenalice.com/game.php?id=27485"]
[Date "2005.9.6"]
[Round "-"]
[White "alepitboe"]
[Black "EduardoMiller"]
[Result "1-0"]
[WhiteElo "1338"]
[BlackElo "1033"]

1. e4 e5 2. Nf3 f6 3. d4 exd4 4. Nxd4 c5 5. Nf5 g6 6. Nh6 Nxh6 7. Bxh6 Bxh6 8.
Bc4 Qa5+ 9. c3 b5 10. Bf7+ Kxf7 11. Qd5+ Ke7 12. Qxa8 b4 13. Qxb8 bxc3 14. Nxc3
f5 15. Qe5+ Kd8 16. Qxh8+ Kc7 17. Qxh7 Bf4 18. O-O fxe4 19. Nd5+ Kb7 20. Nxf4
1-0

[Event "Challenge"]
[Site "http://www.queenalice.com/game.php?id=28236"]
[Date "2005.9.11"]
[Round "-"]
[White "ENDHER"]
[Black "EduardoMiller"]
[Result "1-0"]
[WhiteElo "1806"]
[BlackElo "1071"]

1. d4 d5 2. c4 dxc4 3. e3 Nh6 4. Bxc4 b5 5. Bxb5+ c6 6. Bc4 Bg4 7. f3 Bf5 8. e4
Be6 9. Bxe6 fxe6 10. Bxh6 gxh6 11. Ne2 c5 12. Qa4+ Nd7 13. dxc5 Rb8 14. Qd4 Rg8
15. O-O 1-0

[Event "Challenge"]
[Site "http://www.queenalice.com/game.php?id=97239"]
[Date "2006.8.19"]
[Round "-"]
[White "delinquente"]
[Black "EduardoMiller"]
[Result "0-1"]
[WhiteElo "1307"]
[BlackElo "1018"]

1. e3 e5 2. Qf3 d6 3. Nh3 g6 4. Bc4 Nf6 5. Nc3 c6 6. d4 exd4 7. exd4 h5 8. Be3
d5 9. Bb3 c5 10. dxc5 d4 11. Nd5 dxe3 12. Qxf6 Qxf6 13. O-O-O Qe5 14. f4 Qe4 15.
Nf6+ Ke7 16. Nxe4 Bg4 0-1

[Event "RS x SC"]
[Site "http://www.queenalice.com/game.php?id=99281"]
[Date "2006.8.25"]
[Round "-"]
[White "EduardoMiller"]
[Black "hardcore"]
[Result "0-1"]
[WhiteElo "1038"]
[BlackElo "1788"]

1. e4 c5 2. f4 e6 3. Nf3 d5 4. exd5 exd5 5. b3 a6 6. g3 b5 7. d3 Nc6 8. Ba3 b4
9. Bb2 f6 10. h4 a5 11. h5 Bg4 12. Bh3 Bxh5 13. a3 d4 14. g4 Bf7 15. O-O Bd6 16.
Re1+ Nge7 17. axb4 Nxb4 18. Ra4 Bxf4 19. Na3 O-O 20. c3 dxc3 21. Bxc3 Nxd3 22.
Rf1 Be3+ 0-1

[Event "Challenge"]
[Site "http://www.queenalice.com/game.php?id=100910"]
[Date "2006.8.30"]
[Round "-"]
[White "R_Mutt"]
[Black "EduardoMiller"]
[Result "1-0"]
[WhiteElo "1250"]
[BlackElo "1029"]

1. b4 e5 2. c3 d5 3. Qc2 g6 4. e4 Nf6 5. d4 Nbd7 6. Nf3 exd4 7. exd5 Nxd5 8. Bc4
c6 9. O-O b5 10. Qe4+ Be7 11. Qxd4 bxc4 12. Qxh8+ Nf8 13. Re1 1-0

[Event "Challenge"]
[Site "http://www.queenalice.com/game.php?id=103108"]
[Date "2006.9.6"]
[Round "-"]
[White "mogerio"]
[Black "EduardoMiller"]
[Result "1-0"]
[WhiteElo "874"]
[BlackElo "1036"]

1. d4 d5 2. e3 e6 3. Nf3 h5 4. h4 b6 5. Nfd2 f5 6. Qe2 Ba6 7. c4 dxc4 8. e4 fxe4
9. Qxe4 Nd7 10. Qxe6+ Be7 11. Qg6+ Kf8 12. Qf5+ Bf6 13. b3 Rh6 14. Qf3 Qe8+ 15.
Qe2 Bxd4 16. Kd1 Qf7 17. Qf3 Ngf6 18. bxc4 Re8 19. Be2 Bxa1 20. Rh3 Rg6 21. Bf1
Nc5 22. a4 Bb7 23. Qe2 Rxe2 24. Kxe2 Qe7+ 25. Re3 1-0

[Event "Challenge"]
[Site "http://www.queenalice.com/game.php?id=103636"]
[Date "2006.9.8"]
[Round "-"]
[White "FENIX_40"]
[Black "EduardoMiller"]
[Result "1-0"]
[WhiteElo "1250"]
[BlackElo "1046"]

1. e4 e5 2. Nc3 g6 3. Nf3 d6 4. Bc4 b6 5. d3 c6 6. Bg5 f6 7. Be3 b5 8. Bb3 f5 9.
Qd2 fxe4 10. Ng5 h6 11. Nf7 Qf6 12. Nxh8 Qxh8 13. O-O-O Bg4 14. Rde1 Ne7 15.
dxe4 a6 16. Bb6 c5 17. Nd5 Nxd5 18. Qxd5 h5 19. Qf7# 1-0

[Event "Challenge"]
[Site "http://www.queenalice.com/game.php?id=107359"]
[Date "2006.9.18"]
[Round "-"]
[White "EduardoMiller"]
[Black "alessandro96"]
[Result "0-1"]
[WhiteElo "1018"]
[BlackElo "1003"]

1. e4 e5 2. d3 Nc6 3. g4 Bc5 4. g5 f6 5. Nf3 fxg5 6. Nxg5 Qf6 7. Nf3 Nd4 8. Bg2
Nxf3+ 9. Bxf3 Qh4 10. Bh5+ g6 11. Bg4 Qxf2# 0-1

[Event "waleriot"]
[Site "http://www.queenalice.com/game.php?id=112523"]
[Date "2006.10.2"]
[Round "-"]
[White "waleriot"]
[Black "EduardoMiller"]
[Result "1-0"]
[WhiteElo "1526"]
[BlackElo "1038"]

1. d4 d5 2. e4 dxe4 3. Nc3 Nf6 4. Qe2 Qxd4 5. Be3 Qd6 6. g3 Nc6 7. Rd1 Qb4 8.
Bd2 Qxb2 9. Rb1 Qa3 10. Nb5 Nd4 11. Nxd4 Qxa2 12. Qb5+ Kd8 13. Bc4 a6 14. Qb3
Qa5 15. Bxa5 e5 16. Bxc7+ Kxc7 17. Qb6+ Kd7 18. Rd1 1-0